Statistics for Utah Jazz Triple Double

Click here to take the quiz!

General Stats

  • This quiz has been taken 18 times
  • The average score is 4 of 9

Answer Stats

Player Nb Last % Correct
Karl Malone31999
100%
Pete Maravich71977
78%
Andrei Kirilenko32007
67%
Mark Eaton61986
61%
Adrian Dantley11982
56%
Carlos Boozer12008
44%
Danny Schayes11982
0%
Gail Goodrich11978
0%
Joe Meriweather11977
0%

Score Distribution

Percentile by Number Answered

Percent of People with Each Score

Your Score History

You have not taken this quiz